Score 0/22 Timer 02:00
1 Play Today
Clue 4-Letter Word % Correct
Fish breathing organGILL
97.5%
A message sent from a phoneTEXT
93.8%
Home for a birdNEST
93.3%
Overnight camping needTENT
93.2%
Part of a 3-piece suitVEST
88%
A hue or color levelTINT
86.3%
[Rung 1] [Rung 8] [Rung 22]: Stereotypical wholesome neighboring young woman★ GIRL ★
86%
Get all of your emotions out by talkingVENT
85.2%
[Rung 1] [Rung 8] [Rung 22]: Stereotypical wholesome neighboring young woman★ NEXT ★
84.8%
Paper money storage part of a cash registerTILL
84.2%
A fault on a pinball machineTILT
82.5%
Clue 4-Letter Word % Correct
Element whose symbol is PbLEAD
79.4%
A unit of laundryLOAD
76.9%
Darn a sock or repair a relationshipMEND
75.6%
[Rung 1] [Rung 8] [Rung 22]: Stereotypical wholesome neighboring young woman★ DOOR ★
75%
To sellVEND
72.8%
A guided visitTOUR
71.6%
Samoa-studying anthropologist MargaretMEAD
67.4%
Gloomy and sullenDOUR
61.8%
Of a high volumeLOUD
60.8%
To promote or talk something upTOUT
48.8%
A brutish oafish manLOUT
47%

Today's Daily Dose

Remove Ads.
Support Sporcle.
Get the best of Sporcle when you Go Orange. This ad-free experience offers more features, more stats, and more fun while also helping to support Sporcle. Thank you for becoming a member.

You're not logged in!

Compare scores with friends on all Sporcle quizzes.
OR
Log In

Show Comments

Extras

Top Quizzes Today


Score Distribution

Your Account Isn't Verified!

In order to create a playlist on Sporcle, you need to verify the email address you used during registration. Go to your Sporcle Settings to finish the process.

Report this User

Report this user for behavior that violates our Community Guidelines.

Details: